Ostření a opravy nástrojů /

Gespeichert in:
Bibliographische Detailangaben
Hauptverfasser: Štych, Karel (Verfasst von), Kasal, Josef (Verfasst von), Jungmann, Bohumil (Verfasst von)
Format: Buch
Sprache:Tschechisch
Veröffentlicht: Praha : SNTL, 1959
Schlagworte:
Tags: Tag hinzufügen
Keine Tags, Fügen Sie das erste Tag hinzu!

MARC

LEADER 00000nam a22000003a 4500
001 stu42995
005 20150617225718.9
008 940609s1959----cs------------------cze-d
040 |a STU  |b slo 
041 0 |a cze 
044 |a cs 
100 1 |a Štych, Karel  |4 aut 
245 1 |a Ostření a opravy nástrojů /  |c [aut.]Karel Štych, Josef Kasal, Bohumil Jungmann 
260 |a Praha :  |b SNTL,  |c 1959 
300 |a 254 s 
650 7 |a ostrenie  |2 stusub 
650 7 |a nástroje  |2 stusub 
650 7 |a opravy  |2 stusub 
650 7 |a ostrenie a opravy  |2 stusub 
700 1 |a Kasal, Josef  |4 aut 
700 1 |a Jungmann, Bohumil  |4 aut 
996 |b 284M015829  |c M*3780-1  |l MMKN  |s A  |a 24  |w stu42995_0001